000 00226nam a22001097a 4500
041 _aeng
080 _a20
090 _bFIS
100 _aFisher, Fred L.
245 _aThe Purpose of God and the Christian Life.
999 _c280236
_d280236
942 _cBK